书目信息 |
| 题名: |
大断面矩形盾构法隧道设计研究与实践
|
|
| 作者: | 孙巍 , 官林星 著 | |
| 分册: | ||
| 出版信息: | 北京 中国建筑工业出版社 2017.07 |
|
| 页数: | 212页 | |
| 开本: | 27cm | |
| 丛书名: | ||
| 单 册: | ||
| 中图分类: | U455.43 | |
| 科图分类: | ||
| 主题词: | 隧道施工--sui dao shi gong--盾构法--研究 | |
| 电子资源: | ||
| ISBN: | 978-7-112-20419-9 | |
| 000 | 01432nam0 2200253 450 | |
| 001 | 0100001419 | |
| 005 | 20190307171404.70 | |
| 010 | @a978-7-112-20419-9@b精装@dCNY128.00 | |
| 100 | @a20170921d2017 em y0chiy50 ea | |
| 101 | 0 | @achi |
| 102 | @aCN@b110000 | |
| 105 | @aak a 000yy | |
| 200 | 1 | @a大断面矩形盾构法隧道设计研究与实践@Ada duan mian ju xing dun gou fa sui dao she ji yan jiu yu shi jian@f孙巍, 官林星著 |
| 210 | @a北京@c中国建筑工业出版社@d2017.07 | |
| 215 | @a212页@c图 (部分彩图)@d27cm | |
| 314 | @a孙巍, 国家一级注册机构工程师等。官林星, 高级工程师。 | |
| 320 | @a有书目 | |
| 330 | @a本书共分为6章, 第1章主要论述矩形盾构法隧道对城市发展的意义、矩形盾构法隧道的发展史、受力特点、国内外的研究现状 ; 第2章主要介绍复合管片的抗弯试验及数值计算, 总结了复合管片的受力特点 ; 第3章主要介绍矩形盾构法隧道所采用的高承载力管片接头的力学性能试验, 总结了接头的受力特点, 并采用了有限元数值分析方法对管片接头的力学特性进行了模拟 ; 第4章主要介绍了复合管片衬砌环的整环试验, 并进行了数值模拟, 总结了复合管片衬砌的破坏过程 ; 第5章主要介绍了矩形盾构法隧道的具体设计方法, 衬砌外形优化方法, 分析了侧压力系数、地层抗力系数对衬砌受力的影响 ; 第6章介绍了矩形盾构法隧道的两个工程应用案例及现场的监测数据。 | |
| 606 | 0 | @a隧道施工@Asui dao shi gong@x盾构法@x研究 |
| 690 | @aU455.43@v5 | |
| 701 | 0 | @a孙巍@Asun wei@4著 |
| 701 | 0 | @a官林星@Aguan lin xing@4著 |
| 801 | 0 | @aCN@c20180910 |
| 905 | @a河南城建学院图书馆@dU455.43@eS953-2 | |
| 大断面矩形盾构法隧道设计研究与实践/孙巍, 官林星著.-北京:中国建筑工业出版社,2017.07 |
| 212页:图 (部分彩图);27cm |
| ISBN 978-7-112-20419-9(精装):CNY128.00 |
| 本书共分为6章, 第1章主要论述矩形盾构法隧道对城市发展的意义、矩形盾构法隧道的发展史、受力特点、国内外的研究现状 ; 第2章主要介绍复合管片的抗弯试验及数值计算, 总结了复合管片的受力特点 ; 第3章主要介绍矩形盾构法隧道所采用的高承载力管片接头的力学性能试验, 总结了接头的受力特点, 并采用了有限元数值分析方法对管片接头的力学特性进行了模拟 ; 第4章主要介绍了复合管片衬砌环的整环试验, 并进行了数值模拟, 总结了复合管片衬砌的破坏过程 ; 第5章主要介绍了矩形盾构法隧道的具体设计方法, 衬砌外形优化方法, 分析了侧压力系数、地层抗力系数对衬砌受力的影响 ; 第6章介绍了矩形盾构法隧道的两个工程应用案例及现场的监测数据。 |
| ● |
| 相关链接 |
|
|
|
正题名:大断面矩形盾构法隧道设计研究与实践
索取号:U455.43/S953-2
 
预约/预借
| 序号 | 登录号 | 条形码 | 馆藏地/架位号 | 状态 | 备注 |
| 1 | 1244147 | 212441473 | 自科库501/501自科库 55排7列4层/ [索取号:U455.43/S953-2] | 在馆 | |
| 2 | 1400203 | 214002032 | 自科库501/501自科库 55排7列4层/ [索取号:U455.43/S953-2] | 在馆 |